| 000 | 00350nam a2200109Ia 4500 | ||
|---|---|---|---|
| 008 | 200302s9999 xx 000 0 und d | ||
| 100 | _aYu-Tung Lir | ||
| 245 | _aDemonstrating Digital Archtiecture 5th Far eastern international digital architectural Design award | ||
| 260 | _bBirkhauser Publlisher for Architecture | ||
| 260 | _c2005 | ||
| 300 | _a227 P., | ||
| 999 |
_c3967 _d3967 |
||